| 000 | 01823nam2a22002411 4500 | ||
|---|---|---|---|
| 001 | rc\3214516 | ||
| 005 | 20250530103247.0 | ||
| 035 | _a(NLR Aleph) 007360861 | ||
| 090 |
_a6306204 _c6306204 |
||
| 100 | _a20130115d1974 |||y0rusy50 ca | ||
| 101 | 0 | _arus | |
| 102 | _aRU | ||
| 105 | _ay z ||||| | ||
| 200 | 1 | _aМетодика программированного опроса по курсу "Теория механизмов и машин и детали машин" | |
| 210 |
_d1974 _aБ. м. |
||
| 215 | _a24 с. | ||
| 461 | 0 |
_1001rc\3214515 _12001#$aМатериалы для программированного опроса по курсу "Теория механизмов и машин и детали машин"$e[В 3 ч.]$eЧ. 1-$fМ-во высш. и сред. спец. образ. РСФСР. Горьк. инж.-строит. ин-т В.П. Чкалова. Кафедра технологии строит. производства$vЧ. 1 _1700#1$aЕршов$bВ.С.$gВиталий Сергеевич _96306198 _aЕршов, В.С. _cГорький _d1974 _e(2-е изд., доп. и перераб.) _fМ-во высш. и сред. спец. образ. РСФСР. Горьк. инж.-строит. ин-т В.П. Чкалова. Кафедра технологии строит. производства _nБ. и. _o[В 3 ч.] : Ч. 1- _tМатериалы для программированного опроса по курсу "Теория механизмов и машин и детали машин" _vЧ. 1 |
|
| 532 | 1 | 3 | _aМетодика программированного опроса по курсу Теория механизмов и машин и детали машин |
| 801 | 0 |
_aRU _bNLR _gpsbo |
|
| 801 | 1 |
_aRU _bELAR _2rusmarc |
|
| 852 |
_aNLR _j74-4/14801 |
||
| 942 | _cBOOK | ||
| 980 | _aNB | ||